| 000 | 00951nam a2200253Ia 4500 | ||
|---|---|---|---|
| 003 | OSt | ||
| 005 | 20220923231022.0 | ||
| 006 | a|||||r|||| 00| 0 | ||
| 007 | ta | ||
| 008 | 220922b |||||||| |||| 00| 0 hin d | ||
| 024 | _a353,870 | ||
| 037 | _cTextual | ||
| 040 |
_aARTS _cARTS _bhin |
||
| 041 |
_2hin _ahin |
||
| 082 | _aLB, 152N9 | ||
| 100 |
_aचौधरी, प्रवीण कुमार, ले. _9159953 |
||
| 245 | 0 | _aआयुर्वेदीय प्रवेश - परीक्षा दिग्दर्शिका | |
| 246 | _aĀyurvedīya pravesh - parīkṣhā digdarshikā | ||
| 260 |
_aवाराणसी _b चौखम्बा सुरभारती प्रकाशन _c1999 |
||
| 300 |
_a683पृ. _ccm. |
||
| 650 | _aआयुर्वेद औषधी | ||
| 942 |
_hLB, 152N9 _cTEXL _2CC |
||
| 999 |
_c388806 _d388806 |
||